LEADER 01841nas a2200313 i 4500 001 000000238507 003 CaOOAMICUS 005 20150216000000.0 008 150216b1983 it uu u0 0ita r 013 $a217412 040 $aSeMil$bita 245 10$a1983. 260 $aBologna :$bEDB,$c1983. 300 $a638 p. ;$c22 cm. 773 0 $tEvangelizzare.$dBologna : EDB, 1976-2014.$w()2273 774 0 $tRendete contemporaneo il Vangelo. Cultura e catechesi.$w()283632 774 0 $tSacramento per riconciliarsi. Riflessione catechistica sul sacramento della riconciliazione. - Titolo dalla copertina.$w()283633 774 0 $tMangiare di Dio con noi. Riflessione catechistica sull'eucaristia. - Titolo dalla copertina.$w()283634 774 0 $tAzione chiamata contemplazione. Possibilità di "contemplazione" per l'uomo d'oggi. - Titolo dalla copertina.$w()283635 774 0 $t"Credo la Chiesa". Possibilità di "contemplazione" per l'uomo d'oggi. - Titolo dalla copertina.$w()283636 774 0 $tCatechismi, catechisti, «itinerari». Il cammino di una chiesa locale nella proposta di un «sussidio». - Titolo dalla copertina.$w()283637 774 0 $tAdolescenti e fede. Dialogo difficile ma possibile. - Titolo dalla copertina.$w()283638 774 0 $t«Molti catechismi un solo progetto». Il progetto della catechesi italiana. - Titolo dalla copertina.$w()283639 774 0 $tLavoro, lavoratori e vangelo. Per una catechesi del lavoro. - Titolo dalla copertina.$w()283640 774 0 $tCatechismi ieri e oggi. Continuità ed evoluzione nella catechesi. - Titolo dalla copertina.$w()283641 850 $aSeMil 852 $aSeMil$W1$xVenegono$y1$m137 3 8$j188853$B188853$CSeMilBibl$Z2$F199928 $85 996 $6245$a1983$9(OLS)http://semarc/title/221348 996 $6260$aBologna :$bEDB$9(OLS)http://semarc/publisher/29669 LEADER 02650nam a2200421 i 4500 001 000000209928 003 CaOOAMICUS 005 20120105000000.0 008 120105s2011 it u000 u ita u 013 $a188720 020 $a978-88-10-53117-4 040 $aSeMil$bita 110 2 $aCentro di Orientamento Pastorale$g.$0(OLS)http://semarc/name/2102 245 10$aEducarsi alla corresponsabilità :$bI battezzati nel mondo alla prova della vita quotidiana : 61. Settimana nazionale di aggiornamento pastorale /$cCentro Orientamento Pastorale. 260 $aBologna :$bEDB,$c2011. 300 $a268 p. ;$c21 cm. 650 4$aBattesimo - Pastorale.$0(OLS)http://semarc/subject/7919 650 4$aLaicato - Pastorale.$0(OLS)http://semarc/subject/16243 650 4$aLaici - Responsabilità pastorale.$0(OLS)http://semarc/subject/39484 774 0 $aBonicelli, Gaetano $tPromozione dei laici e pastorale del COP.$w()318899 774 0 $aVillata, Giovanni <1940- >$tLaicato in parrocchia. Linee di tendenza.$w()318900 774 0 $aAmmannati Martini, Letizia$tDall'analisi dei dati all'assunzione dei compiti.$w()318901 774 0 $aSavagnone, Giuseppe <1944- >$tCorresponsabili perchè battezzati.$w()318902 774 0 $tEssre laici: corresponsabili della missione evangelizzatrice della chiesa.$w()318903 774 0 $aBignardi, Paola <1949- >$tCorresponsabilità nella cultura e nell'impegno educativo.$w()318904 774 0 $aDe Paolo, Gianluigi$tCorresponsabilità laicale nella cittadinanza.$w()318905 774 0 $aBlasetti, Paolo Maria$tCorresponsabilità nella fragilità e nella vita affettiva.$w()318906 774 0 $aVerdon, Timothy $tComunicazione della fede attraverso l'arte.$w()318907 774 0 $aLivia, Marco$tUnità-educazione- conoscenza.$w()318908 774 0 $aBellomaria, Daniela$tFamiglia risorsa della società e della chiesa.$w()318909 774 0 $aManetti, Stefano $tCorresponsabili della missione evangelizzatrice della chiesa.$w()318910 774 0 $aSigalini, Domenico <1942- vescovo>$tCorresponsabilità è una vocazione esigente.$w()318911 850 $aSeMil 852 $aSeMil$W1$xVenegono$y1$m2F III 403$j160379$B160379$CSeMilBibl$Z2$F171978 $81 961 $aOmaggio: Bressan don Luca 996 $6020$a978-88-10-53117-4$9(OLS)http://semarc/number/204740 996 $6245$aEducarsi alla corresponsabilità :$bI battezzati nel mondo alla prova della vita quotidiana : 61. Settimana nazionale di aggiornamento pastorale$9(OLS)http://semarc/title/303503 996 $6260$aBologna :$bEDB$9(OLS)http://semarc/publisher/29669